01531nam a2200349 i 4500001001200000003000800012006001900020007001500039008004100054020001800095020002700113040003500140035002100175050002700196100001800223245013500241264004300376300006400419336002100483337002300504338003200527500004500559500002000604588010300624590014700727650005300874650007700927655002201004797001201026856012601038999001701164ebr10822124CaPaEBRm o d cr cn|||||||||140110s2013 enkad o 001 0 eng|d z9781783559602 a9781783559619 (e-book) aCaPaEBRbengerdaepncCaPaEBR a(OCoLC)86565061014aTH9745.D85bP74 2013eb1 aPretty, Bill.10aBuilding a home security system with BeagleBone :bbuild your own high-tech alarm system at a fraction of the cost /cBill Pretty. 1aBirmingham :bPackt Publishing,c2013. a1 online resource (119 pages) :billustrations (some color) atext2rdacontent acomputer2rdamedia aonline resource2rdacarrier a"Community experience distilled"--Cover. aIncludes index. aDescription based on online resource; title from PDF title page (ebrary, viewed January 10, 2014). aElectronic reproduction. Palo Alto, Calif. : ebrary, 2014. Available via World Wide Web. Access may be limited to ebrary affiliated libraries. 0aDwellingsxSecurity measuresvAmateurs' manuals. 0aElectronic security systemsxDesign and constructionvAmateurs' manuals. 0aElectronic books.2 aebrary.40uhttp://site.ebrary.com/lib/rucke/Doc?id=10822124zAn electronic book accessible through the World Wide Web; click to view c85974d85974